000 00425 a2200157 4500
020 _a8172452152
082 _a659.2
090 _c4979
_d4979
100 _aKumar A.
245 _aPopular Letters for the New Millennium
_c A. Kumar
260 _aNew Delhi:
_bGalgotia Publications Pvt. Ltd.
300 _axviii, 334 p.
_b: ill.
_c ; 25 cm.
500 _aIncludes Index
650 _aTechnical Writing.
942 _cBK
_k659.2 KUM
999 _c8856
_d8856